000 00485nam a2200181Ia 4500
005 20250603144929.0
008 250603s9999 xx 000 0 und d
020 _a978-3-031-42181-5
050 _aPN 1993.5 .E8 .E97/
100 _aMeir, Christopher; Smits, Roderik
245 0 _aEuropean Cinema in the Streaming Era: Policy, Platforms, and Production
260 _aCham
260 _bPalgrave Macmillan
260 _c2024
300 _a304 p
650 _aCham
942 _cBK
999 _c40370
_d40370